Statystyki dla Quiz o powierzchni państw (Ameryka Południowa)

Kliknij tutaj aby rozwiązać quiz!

Ogólne statystyki

  • Ten quiz został rozwiązany 34 razy
  • Średni wynik to 4 z 8

Statystyki odpowiedzi

ZagadnienieOdpowiedź% Poprawnych
Który kraj ma powierzchnię powyżej 1 mln. km2Peru
73%
Które z tych państw NIE MA 200 tys. km2Urugwaj
73%
Kto ma najmniejszą powierzchnię z nichSurinam
50%
Ile jest km2 różnicy pomiędzy powierzchnią Argentyny a powierzchnią Peru1,485,184 km2
47%
Kto ma powierzchnię poniżej 1 mln. km2Chile
40%
Jaką powierzchnię wynosi Brazylia?8,5 mln. km2
37%
Kto ma największą powierzchnię z nichKolumbia
37%
Jaką powierzchnię wynosi Boliwia?1 098 581 km2
30%

Rozkład punktacji

Percentyl według liczby udzielonych odpowiedzi

Procent ludzi z każdym wynikiem

Twoja historia wyników

Nie rozwiązałeś tego quizu